Apuntes para la historia de la Orden Hospitalaria de San Juan de Dios en la Nueva España México, 1604-2004 (Record no. 1662)

MARC details
000 -CABECERA
campo de control de longitud fija 00905nam a2200217 a 4500
001 - NÚMERO DE CONTROL
campo de control BRCA_1886
005 - FECHA Y HORA DE LA ÚLTIMA TRANSACCIÓN
campo de control 20190320203605.0
008 - DATOS DE LONGITUD FIJA--INFORMACIÓN GENERAL
campo de control de longitud fija 130608s2005----mx a---###---#000-0#spa-#
020 ## - NÚMERO INTERNACIONAL ESTÁNDAR DEL LIBRO
Número Internacional Estándar del Libro 9681211898
050 #4 - SIGNATURA TOPOGRÁFICA DE LA BIBLIOTECA DEL CONGRESO
Número de clasificación N8080.J8
Número de documento/Ítem .A43 2005
100 1# - ENTRADA PRINCIPAL--NOMBRE DE PERSONA
Nombre de persona Alberro, Solange
9 (RLIN) 4205
245 10 - MENCIÓN DE TÍTULO
Título Apuntes para la historia de la Orden Hospitalaria de San Juan de Dios en la Nueva España México, 1604-2004
Mención de responsabilidad, etc. Solange Alberro.
260 ## - PUBLICACIÓN, DISTRIBUCIÓN, ETC.
Lugar de publicación, distribución, etc. México
Nombre del editor, distribuidor, etc. El Colegio de México : Orden Hospitalaria de San Juan de Dios
Fecha de publicación, distribución, etc. 2005
300 ## - DESCRIPCIÓN FÍSICA
Extensión 311 p.
Otras características físicas il. a color
Dimensiones 22 cm.
500 ## - NOTA GENERAL
Nota general 2do. ejemplar en el Área de Investigación
504 ## - NOTA DE BIBLIOGRAFÍA, ETC.
Nota de bibliografía, etc. Bibliografía : p. 305-311
610 24 - PUNTO DE ACCESO ADICIONAL DE MATERIA--NOMBRE DE ENTIDAD CORPORATIVA
Nombre de entidad corporativa o nombre de jurisdicción como elemento de entrada Orden Hospitalaria de San Juan de Dios
Subdivisión general Historia
Subdivisión cronológica Colonia, 1540-1810
Subdivisión geográfica América
9 (RLIN) 5827
610 24 - PUNTO DE ACCESO ADICIONAL DE MATERIA--NOMBRE DE ENTIDAD CORPORATIVA
Nombre de entidad corporativa o nombre de jurisdicción como elemento de entrada Orden Hospitalaria de San Juan de Dios
Subdivisión general Historia
Subdivisión cronológica Siglo XIX
Subdivisión geográfica América
9 (RLIN) 5828
653 0# - TÉRMINO DE INDIZACIÓN--NO CONTROLADO
Término no controlado Ordenes religiosas en México
942 ## - ELEMENTOS DE PUNTO DE ACCESO ADICIONAL (KOHA)
Fuente del sistema de clasificación o colocación Library of Congress Classification
Tipo de ítem Koha Libros
Holdings
Estado de retiro Estado de pérdida Estado dañado No para préstamo Localización permanente Ubicación/localización actual Fecha de adquisición Total de préstamos Signatura topográfica completa Código de barras Fecha visto por última vez Precio válido a partir de Tipo de ítem Koha Código de colección
El ejemplar forma parte de la colección y puede ser consultado según las políticas vigentes.       Biblioteca del Museo Franz Mayer (Rogerio Casas-Alatriste) Biblioteca del Museo Franz Mayer (Rogerio Casas-Alatriste) 30/07/2008   N8080.J8 .A43 2005 00197 22/03/2019 22/03/2019 Libros  
El ejemplar forma parte de la colección y puede ser consultado según las políticas vigentes.       Biblioteca del Museo Franz Mayer (Rogerio Casas-Alatriste) Biblioteca del Museo Franz Mayer (Rogerio Casas-Alatriste) 02/02/2012   N8080.J8 .A43 2005 02633 22/03/2019 22/03/2019 Libros Acervo General